| 000 | 00780nam a22002297a 4500 | ||
|---|---|---|---|
| 005 | 20150202150050.0 | ||
| 008 | 140714b xxu||||| |||| 00| 0 Urdu d | ||
| 010 | _aUR-8576 | ||
| 020 | _c50.00 | ||
| 035 | _aU-7131 | ||
| 037 | _bDBAD/Publishers | ||
| 040 |
_aDPL _bUrdu |
||
| 082 | _a841 | ||
| 100 | _aفر ا غ رو ہو ی | ||
| 245 |
_aہم بچے ہين پڑ ھنے و ا لے _cفر ا غ رو ہو ی |
||
| 246 |
_aHum Bache Hain Parhne Wale _bFaragh Rohvi |
||
| 260 |
_bGulistan Publications _bK.K.P.( Vender) _c2012 |
||
| 260 | _a4806/24,Bharat Ram Road,Dariya Gunj,New Delhi-2 | ||
| 270 |
_a67-گلی مو لا نا شو کت علی _bکلکتہ _e700073 _k9831775593 |
||
| 300 |
_a80ص _c22Cm (Hb) |
||
| 942 |
_2ddc _cUR _mف ر ا _h841 |
||
| 999 |
_c87612 _d87612 |
||